000
00375nam a2200145Ia 4500
008
231129s1999||||xx |||||||||||||| ||spa||
020
_a
958-02-1427-1
040
_b
spa
082
_a
970 M375h
100
_a
Marta Julia Fernanda
245
0
_a
Huellas: Historia de America
260
_c
1999
264
_a
Voluntad
942
_2
ddc
_c
BKS
999
_c
15494
_d
15494